Normal view
MARC view
- ELECTRONIC CONTROL; POWER ELECTRONICS
Entry Topical Term
001 - CONTROL NUMBER
- control field: 59892
003 - CONTROL NUMBER IDENTIFIER
- control field: NUST
005 - DATE AND TIME OF LATEST TRANSACTION
- control field: 20210628202433.0
008 - FIXED-LENGTH DATA ELEMENTS
- fixed length control field: 210628|| aca||aabn | a|a d
040 ## - CATALOGING SOURCE
- Original cataloging agency: NUST
- Transcribing agency: NUST
150 ## - HEADING--TOPICAL TERM
- Topical term or geographic name entry element: ELECTRONIC CONTROL; POWER ELECTRONICS
670 ## - SOURCE DATA FOUND
- Source citation: Work cat.: (NUST): Gottlieb, Irving.M 59891, Electronic power control, 2000
